Structure Determination from Powder Diffraction Data

Salvato in:
Dettagli Bibliografici
Altri autori: David, W.I.F (Redattore)
Natura: Libro
Lingua:inglese
Pubblicazione: Oxford : Oxford University Press, 2006
Edizione:1st publ
Serie:IUCr Monographs on Crystallography 13
Soggetti:
Tags: Aggiungi Tag
Nessun Tag, puoi essere il primo ad aggiungerne!!

MARC

LEADER 00000nam a22000003a 4500
001 stu139986
005 20230202104145.7
008 070413s2006----uk------------------eng-d
020 |a 978-0-19-920553-0 
040 |a STU  |b slo 
041 0 |a eng 
044 |a uk 
080 |a 548 
100 1 |a David, W.I.F.  |4 edt 
245 1 |a Structure Determination from Powder Diffraction Data 
250 |a 1st publ 
260 |a Oxford :  |b Oxford University Press,  |c 2006 
300 |a 337 s 
650 7 |a kryštalografia  |2 stusub 
830 0 |a IUCr Monographs on Crystallography  |v 13 
996 |b 284M075996  |c M*12111-1  |l MMKN  |s A  |a 24  |w stu139986_0001 
996 |b 284M089240  |c M* 12111-2  |l MMST  |s A  |a 24  |w stu139986_0002